000 00443nam a2200181Ia 4500
001 2930
005 20260306144843.0
008 260306t2005||||xx |||||||||||||| ||spa||
041 _aESP
082 _a234
_bG67 T. 1
100 _aGonzález de Cardedal, Olegario
_eAUT
245 0 _aFundamentos de cristología
260 _c2005
300 _alxiii, 761 páginas :
_c20 cm.
650 _aGEN
654 _aCHU
942 _cLIB
_dJUS
_fJUS
_2ddc
_n
999 _c2930
_d2930